00484nam a2200157Ia 4500008004100000041000800041082001500049100002100064245006000085260003900145300000800184365001600192700004800208906005100256999001900307230714s9999 xx 000 0 und d aeng a621.7bCHO aChoudhury S.K.H. aElements Of Workshop Technology bVol.II: Machine Tools c2009bMedia Promoters & Publishers a700 cRs.b225.00 aChoudhury S.K.H.; Choudhury A.K.H. & Roy N. dO:0033309-Oct-2009B:71404-Jul-2009cSSb191.25 c198425d198425